Flagi Polskich województw. - Statystyki

Ogólne statystyki
  • Ten quiz został rozwiązany 30 razy
  • Średni wynik to 13 z 16
Statystyki odpowiedzi
Obrazkowy Odpowiedź % Poprawnych
podlaskie
92%
mazowieckie
88%
dolnośląskie
85%
opolskie
85%
śląskie
85%
wielkopolskie
85%
kujawsko-pomorskie
81%
lubelskie
81%
pomorskie
81%
zachodniopomorskie
81%
łódzkie
77%
podkarpackie
77%
lubuskie
73%
małopolskie
73%
warmińsko-mazurskie
73%
świętokrzyskie
69%
Nie znaleziono quizów pasujących do podanych kryteriów
Rozkład punktacji
Procent ludzi z każdym wynikiem
Percentyl według liczby udzielonych odpowiedzi
Twoja historia wyników
Nie rozwiązałeś tego quizu